| 000 | 00639nam a22001937a 4500 | ||
|---|---|---|---|
| 005 | 20141119145520.0 | ||
| 010 | _aENG-111136 | ||
| 020 |
_c795.00 _a9789382420422 |
||
| 035 | _aEN-94668 | ||
| 037 | _bDBAD/PUB | ||
| 082 | _a320.540954 | ||
| 100 | _aBhuyan, Pranaba Ranjan | ||
| 245 |
_aSecularism : _bthe nucleus of Indian culture / _cby Pranaba Ranjan Bhuyan |
||
| 260 |
_aNew Delhi _bKunal Books _c2014 |
||
| 270 |
_bNew Delhi _e110002 _a4648/21, First Floor, Ansari Road, Daryaganj |
||
| 300 |
_axvii,222p. _c23cm(Hb) |
||
| 500 | _aIncludes bibliographical references and index | ||
| 942 |
_2ddc _cEN _mBHU _h320.540954 |
||
| 999 |
_c89834 _d89834 |
||